| 000 | 00844cam a22002535a 4500 | ||
|---|---|---|---|
| 001 | 36170 | ||
| 005 | 20230410143536.0 | ||
| 008 | 060310s1999 sp 000 0 spa | ||
| 010 | _a 2006368436 | ||
| 020 | _a8447522601 | ||
| 040 |
_aDLC _cDLC |
||
| 050 | 1 | 4 |
_aT 24 _bC569 1999 |
| 245 | 0 | 0 |
_aCiencia, tecnología e innovación en América Latina / _cJoan Bellavista, Víctor Renobell (coords.) ; prólogo Federico Mayor Zaragoza. |
| 250 | _a1. ed. | ||
| 260 |
_aBarcelona : _bUniversitat de Barcelona, _c1999. |
||
| 300 |
_a258 p. ; _c24 cm. |
||
| 440 | 0 | _aColección ciencia tecnología | |
| 500 | _aReferencia bibliográficas. | ||
| 650 | 0 |
_aTechnology and state _zLatin America. |
|
| 650 | 0 |
_aScience and state _zLatin America. |
|
| 700 | 1 |
_aBellavista, Joan, _ecoord. |
|
| 700 | 1 |
_aRenobell, Víctor, _ecoord. |
|
| 942 |
_2lcc _cbk |
||
| 999 |
_c103562 _d103562 |
||